00425nam a2200121Ia 4500008004100000100002300041245007400064245005300138260000900191300003600200440004900236650001800285171207s9999 xx 000 0 und d aZents, Courtney E. a Paws for Intervention: Perceptions About the Use of Dogs in Schools  cCourtney E. Zents, Amy K. Fisk & Cris W. Lauback c2017 apages 82-98, January-March 2017 aJournal of Creativity in Mental Healthv12:1 aMENTAL HEALTH